Animals in Capitals - Statistics

General Stats
  • This quiz has been taken 274 times
    209 since last reset
  • The average score is 8 of 20
Answer Stats
Animal Capital City % Correct
Cow Moscow
84%
Dodo Dodoma
82%
Mako (shark) Bamako
75%
Bat Rabat
67%
Ant Antananarivo
66%
Mara Asmara
65%
Cat Muscat
63%
Ape Cape Town
53%
Bat Ashgabat
38%
Ass Basseterre
33%
Ram Ramallah
29%
Rat Bratislava
24%
Hen Athens
23%
Hart Khartoum
21%
Ass Nassau
21%
Ant Santiago
19%
Ant Santo Domingo
19%
Ram Paramaribo
14%
Ape Budapest
11%
Hare Bucharest
10%
No matching quizzes found
Score Distribution
Percent of People with Each Score
Percentile by Number Answered
Your Score History
You have not taken this quiz since the last reset